| 000 | 01175nam a2200301 a 4500 | ||
|---|---|---|---|
| 001 | 000026483 | ||
| 005 | 20250714091949.0 | ||
| 008 | 810211s1976 sp 001 0 spa d | ||
| 020 | _a8433909029 | ||
| 040 |
_aDO-SdBNP _bspa _cBNPHU |
||
| 041 | 1 | 7 |
_aspa _hfre |
| 082 |
_axxx _bL977c |
||
| 100 | 1 |
_aLuxemburg, Rosa, _d1871-1919. _93796 |
|
| 240 | 1 | 0 |
_aLa crise de la social-démocratie. _lEspañol. |
| 245 | 1 | 0 |
_aLa crisis de la socialdemocracia / _cRosa Luxemburg ; traducción Joaquín Jordá y Armando Enciso Ferrer ; revisión de Michael Faber-Kaiser. |
| 260 |
_aBarcelona, (España) : _bAnagrama, _c1976. |
||
| 300 |
_a189, [3] p. ; _c19 cm. |
||
| 490 | 1 |
_aDebates _v2 |
|
| 505 | 0 |
_aapéndice: tesis sobre las tareas de la socialdemocracia internacional _tEl folleto de Junies _rLenin |
|
| 504 | _aIncluye referencias bibliográficas y notas al pie de las páginas | ||
| 534 |
_aTítulo original: _tLa crise de la social-démocratie. |
||
| 650 | 0 |
_aSocialismo _9287 |
|
| 700 | 1 |
_aJordá, Joaquín, _etr _953552 |
|
| 700 | 1 |
_aEnciso Ferrer, Armando, _etr. _953553 |
|
| 700 | 1 |
_aFaber-Kaiser, Michael, _erev. _953554 |
|
| 830 | 0 |
_aDebates ; _v2 _953555 |
|
| 049 | _aBNGR | ||
| 999 |
_c25975 _d25975 |
||